al-Uṣūl al-Mamlūkīyah lil-ʻamāʼir al-ʻUthmānīyah /
Main Author:
Format: Book
Language: Arabic
Published:
al-Iskandarīyah :
Dār al-Wafāʼ li-Dunyā al-Ṭibāʻah wa-al-Nashr,
[2002].
Subjects:
Tags: Add Tag
Call Number: NA1583 .I76 2002
| LEADER | 01225nam a2200265Ia 4500 | ||
|---|---|---|---|
| 003 | OSt | ||
| 005 | 20230816094034.0 | ||
| 008 | 130303s2002 ua a b 000 0 ara d | ||
| 952 | |0 0 |1 0 |2 lcc |4 0 |6 NA1583 I76 02002 |7 1 |9 49589 |a ARCE |b ARCE |d 2023-08-16 |l 0 |o NA1583 .I76 2002 |p 1029521 |r 2023-08-16 00:00:00 |w 2023-08-16 |y BK | ||
| 999 | |c 27330 |d 27330 | ||
| 020 | |a 9773272338 | ||
| 040 | |c ARCE Library | ||
| 043 | |a f-ua--- | ||
| 050 | 4 | |a NA1583 .I76 2002 | |
| 100 | 1 | |6 880-01 |a Ismāʻīl, Muḥammad Ḥusām al-Dīn, |e author | |
| 245 | 1 | 3 | |6 880-02 |a al-Uṣūl al-Mamlūkīyah lil-ʻamāʼir al-ʻUthmānīyah / |c Muḥammad Ḥusām al-Dīn Ismāʻīl. |
| 264 | 1 | |a al-Iskandarīyah : |b Dār al-Wafāʼ li-Dunyā al-Ṭibāʻah wa-al-Nashr, |c [2002]. | |
| 300 | |a 238 pages : |b illustrations ; |c 24 cm. | ||
| 504 | |a Includes bibliographical references. | ||
| 650 | 0 | |a Architecture, Mameluke |z Egypt |z Cairo. | |
| 650 | 0 | |a Architecture, Ottoman |z Egypt |z Cairo. | |
| 880 | 1 | |6 100-01/(3/r |a إسماعيل، محمد حسام الدين | |
| 880 | 1 | 2 | |6 245-02/(3/r |a الأصول المملوكية للعمائر العثمانية |c محمد حسام الدين إسماعيل. |
| 901 | |a reviewed | ||
| 942 | |c BK |2 lcc | ||
